00638nam a22001817a 450000500170000000800410001702000220005804100120008010000260009211000220011824500590014026000560019930000090025536500160026494200070028099900190028795201500030620250616142624.0250520b |||||||| |||| 00| 0 eng d a978-93-49373-44-0 aEnglish aP Krishnaraj 9212404 aP Kavitha9212405 aTextbook of Pathology, Genetics and Pharmacology - II  bEMMESS Medical publisher Pvt. Ltd.aBengaluruc2025 a748p bRs. 1095.00 cDB c366713d366713 00102ddc4070aBTINbBTINd2025-06-04g1095.00iIK#2025-26#550oPA 616.07 KRI DB1368pBTIN-DB-1368r2025-05-20 00:00:00w2025-06-04yDBzDB1368